Normal view
MARC view
- Rehman Zaira
Entry Personal Name
001 - CONTROL NUMBER
- control field: 124215
003 - CONTROL NUMBER IDENTIFIER
- control field: NUST
005 - DATE AND TIME OF LATEST TRANSACTION
- control field: 20240709094956.0
008 - FIXED-LENGTH DATA ELEMENTS
- fixed length control field: 240709|| aca||aabn | a|a d
040 ## - CATALOGING SOURCE
- Original cataloging agency: NUST
- Transcribing agency: NUST
100 ## - HEADING--PERSONAL NAME
- Personal name: Rehman Zaira
670 ## - SOURCE DATA FOUND
- Source citation: Work cat.: (NUST): Rehman Zaira, Modulation of Chemotherapy Resistance through Hypoxia Inducible Factor-1 (HIF-1) Inhibition/
